000 00699nam a2200193Ia 4500
008 151121s9999||||xx |||||||||||||| ||und||
082 _a813/राजपू
082 _bHNW-55850
100 _aराजपूत रघुवीरसिंह
245 _aमहाराणि पद्मिनी
260 _b"सांकेत प्रकाशन,औरंगाबाद।"
260 _c--
300 _a154
600 _aराजपूत रघुवीरसिंह
630 _aमहाराणि पद्मिनी
700 _aराजपूत रघुवीरसिंह
730 _aमहाराणि पद्मिनी
942 _cBOOK
999 _c1238596
_d1238593